Перестройка: проблемы и перспективы

Dades bibliogràfiques
Autor principal: Григорьев А. С. Алексей Сергеевич
Sumari:Исключено из фонда НТБ ТПУ
Idioma:rus
Publicat: Львов, Изд-во при Львов. гос. ун-те, 1989
Format: MixedMaterials Llibre
KOHA link:https://koha.lib.tpu.ru/cgi-bin/koha/opac-detail.pl?biblionumber=255325

MARC

LEADER 00000nam0a2200000 4500
001 255325
005 20231031215125.0
010 |a 5110006296 
020 |a RU  |b 89-64198 
035 |a (RuTPU)RU\TPU\book\277831 
090 |a 255325 
100 |a 20140327d1989 k y0rusy5003 ca 
101 0 |a rus 
102 |a UA 
105 |a y z 000zy 
200 1 |a Перестройка: проблемы и перспективы  |f А. С. Григорьев 
210 |a Львов  |c Изд-во при Львов. гос. ун-те  |d 1989 
215 |a 221,[2] с. 
333 |a Исключено из фонда НТБ ТПУ 
700 1 |a Григорьев  |b А. С.  |g Алексей Сергеевич 
801 0 |a RU  |b RuMRKP  |c 19950417  |g psbo 
801 1 |a RU  |b 63413507  |c 20140327 
801 2 |a RU  |b 63413507  |c 20220413  |g RCR 
942 |c BK